000 00471 a2200157 4500
999 _c41365
_d41365
003 OSt
005 20211022105748.0
008 211022b ||||| |||| 00| 0 eng d
040 _coclc
082 _a954.83
_bPAN/P
100 _94590
_aPanthavoor, K V M
245 _aPattala niayamam /
_cK V M Panthavoor
260 _aMalappuram:
_bGrace Educational Association,
_c2021.
300 _a124 pages
942 _2ddc
_cBK
_h954.83
_iPAN/P
_k954.83
_mPAN/P